ბათუმის შოთა რუსთაველის სახელმწიფო უნივერსიტეტის ბიბლიოთეკა

ცეცხლი ცისა და მიწისა (ბიბ.ჩანაწერი № 49724)

000 -LEADER
fixed length control field 00804nam a2200229Ia 4500
001 - CONTROL NUMBER
control field 16659
003 - CONTROL NUMBER IDENTIFIER
control field GE_BSU
008 - FIXED-LENGTH DATA ELEMENTS--GENERAL INFORMATION
fixed length control field 181216s||||||||xx |||||||||||||| ||und||
040 ## - CATALOGING SOURCE
Transcribing agency GE_BSU
080 ## - UNIVERSAL DECIMAL CLASSIFICATION NUMBER
Universal Decimal Classification number 821.353.1-32
100 ## - MAIN ENTRY--PERSONAL NAME
Personal name მაღულარია, გივი
245 ## - TITLE STATEMENT
Title ცეცხლი ცისა და მიწისა
245 ## - TITLE STATEMENT
Remainder of title მითოლოგ. მოთხრობა
245 ## - TITLE STATEMENT
Statement of responsibility, etc. რედ.ნ.ლორთქიფანიძე. მხ.ე.ბერძენიშვილი
260 ## - PUBLICATION, DISTRIBUTION, ETC.
Place of publication, distribution, etc. თბილისი
260 ## - PUBLICATION, DISTRIBUTION, ETC.
Name of publisher, distributor, etc. ნაკადული
260 ## - PUBLICATION, DISTRIBUTION, ETC.
Date of publication, distribution, etc. 1975
300 ## - PHYSICAL DESCRIPTION
Extent 187გვ. ; 16სმ
653 ## - INDEX TERM--UNCONTROLLED
Uncontrolled term მითოლოგ. მოთხრობა
653 ## - INDEX TERM--UNCONTROLLED
Uncontrolled term ცეცხლი ცისა და მიწისა
942 ## - ADDED ENTRY ELEMENTS (KOHA)
Koha item type წიგნი
ეგზემპლარები
Withdrawn status Lost status Damaged status Not for loan Date acquired Barcode Date last seen Price effective from Koha item type
        2018-12-17 41217 2018-12-17 2018-12-17 წიგნი
        2018-12-17 41218 2018-12-17 2018-12-17 წიგნი
        2018-12-17 41219 2018-12-17 2018-12-17 წიგნი